Las fisgonas de Paso Ancho
Guardado en:
| Autor principal: | |
|---|---|
| Formato: | Libro |
| Lenguaje: | Undetermined |
| Publicado: |
San José, Costa Rica
Editorial Costa Rica
1975
|
| Materias: | |
| Etiquetas: |
Agregar Etiqueta
Sin Etiquetas, Sea el primero en etiquetar este registro!
|
MARC
| LEADER | 00000nam a2200000Ia 4500 | ||
|---|---|---|---|
| 008 | 170316s9999 xx 000 0 und d | ||
| 040 | |a cru BVZT | ||
| 090 | |a 868 R-12f | ||
| 100 | |a Rovinski, Samuel | ||
| 245 | |a Las fisgonas de Paso Ancho | ||
| 260 | |a San José, Costa Rica | ||
| 260 | |b Editorial Costa Rica | ||
| 260 | |c 1975 | ||
| 300 | |a 45 páginas | ||
| 650 | |a LITERATURA COSTARRICENSE | ||
| 650 | |a OBRA DE TEATRO | ||
| 999 | |c 11490 |d 11490 | ||
| 942 | |c 15 D |h 868 R-12f |2 z | ||
